01350nam a2200217 a 4500008004100000020001500041041000800056092001700064100002800081245005200109250001100161260004100172300001100213500009400224505052300318590004600841655002100887942001300908999001500921952019600936011117e1996 ag |||g |||| 000 1 spa d a9505460961 aspa c808l51sMEN1 aMenapace, Mamerto94139 aNuestra tierra y nuestra fe /cMamerto Menapace a7a ed. aBuenos Aires:bPatria Grande;c1996. a119 p. aMenapace, M. (1996). Nuestra tierra y nuestra fe. (7a ed.). Buenos Aires : Patria Grande. aDos ideales luchaban por ganar el territorio de mis imàgenes : uno era el de ser misionero e irme tierra adentro. El otro, era partir hacia la gran ciudad para contar allà todas las cosas del campo, sus cuentos , sus canciones ...Hoy reconozco que no se trataba de dos ideales diferentes. Era una misma fidelidad a dos vivencias profundas. Mi tierra y mi fe siempre marcharon enancadas. Creo que a Tata Dios siempre lo comprendì con un alma de campesino . Y a mi tierra siempre la vi desde la òptica de la fe. aDonación. Proyecto Literatura 4to libro aLiteratura92917 2ddccLIT c3100d3100 00102ddc4070aBFMbBFMcCRd2021-03-15eDonación Constanzo, Juan Carlos. Marzo 2021l0o808 51 MENp4657r2021-03-15tEj.1w2021-03-15yLITzDonación Constanzo, Juan Carlos. Marzo 2021